[Event "HUN-chT U20"]
[Site "Budapest"]
[Date "2004.12.29"]
[Round "5"]
[White "Toth, Daniel Heves"]
[Black "Csirik, Andras"]
[Result "1-0"]
[WhiteElo "2128"]
[BlackElo "2034"]
[PlyCount "85"]
[EventDate "2004.12.27"]
[EventType "team"]
[EventRounds "7"]
[EventCountry "HUN"]
[SourceTitle "EXT 2008"]
[Source "ChessBase"]
[SourceDate "2007.11.25"]
[SourceVersion "1"]
[SourceVersionDate "2007.11.25"]
[SourceQuality "1"]

1. d4 Nf6 2. c4 g6 3. Nf3 Bg7 4. Nc3 d6 5. e4 0-0 6. Be2 e5 7. Be3 Nc6 8. d5 Ne7 9. Nd2 Nd7 10. b4 f5 11. f3 f4 12. Bf2 a5 13. bxa5 Rxa5 14. Nb3 Ra8 15. c5 Nxc5 16. Nxc5 dxc5 17. Bxc5 b6 18. Bb4 Ba6 19. Qb3 Kh8 20. Nb5 Rg8 21. Nxc7 Qxc7 22. d6 Qc6 23. Bxa6 Rxa6 24. dxe7 Bf6 25. 0-0 b5 26. Rac1 Qe6 27. Rc7 Re8 28. Qxe6 Rxe6 29. Rb7 Bxe7 30. Bxe7 R8xe7 31. Rxb5 Ra7 32. Ra1 Ra3 33. Rb3 Ra5 34. a4 Rea6 35. Rb4 g5 36. Kf2 h5 37. h3 Kg7 38. Ke2 Kf6 39. Ra2 Ke6 40. Kd3 Kd6 41. Kc4 Kc7 42. Rb5 Rc6+ 43. Kd5 1-0

[Event "Eger Agria op"]
[Site "Eger"]
[Date "2004.07.25"]
[Round "9"]
[White "Blasko, Istvan"]
[Black "Toth, Daniel Heves"]
[Result "1/2-1/2"]
[WhiteElo "2280"]
[BlackElo "2141"]
[PlyCount "96"]
[EventDate "2004.07.17"]
[EventType "swiss"]
[EventRounds "9"]
[EventCountry "HUN"]
[SourceTitle "EXT 2008"]
[Source "ChessBase"]
[SourceDate "2007.11.25"]
[SourceVersion "1"]
[SourceVersionDate "2007.11.25"]
[SourceQuality "1"]

1. d4 d5 2. c4 c6 3. Nf3 Nf6 4. e3 Bf5 5. cxd5 cxd5 6. Qb3 Qc7 7. Bd2 e6 8. Bb5+ Nc6 9. Bb4 Bd6 10. Qa3 Ne4 11. Nc3 0-0 12. Bxd6 Nxd6 13. Bxc6 Qxc6 14. Nd2 Rfc8 15. 0-0 Nc4 16. Nxc4 Qxc4 17. Rfc1 b5 18. Qa6 b4 19. Qxc4 Rxc4 20. Na4 Rac8 21. Nc5 Rxc1+ 22. Rxc1 f6 23. f3 Kf7 24. Kf2 Ke7 25. Ke1 Rc6 26. Kd2 e5 27. Ra1 Rb6 28. b3 a5 29. Rc1 Kd6 30. Ra1 Ke7 31. a3 bxa3 32. Kc3 Bg6 33. Rxa3 Rb5 34. Ra1 Be8 35. Rg1 Rb6 36. g4 h6 37. h4 Bf7 38. f4 exd4+ 39. exd4 Kd6 40. Ra1 Rb5 41. Rxa5 Rxa5 42. Nb7+ Ke6 43. Nxa5 h5 44. gxh5 Kf5 45. Nb7 Kxf4 46. Nd6 Bxh5 47. b4 g5 48. hxg5 fxg5 1/2-1/2

[Event "Eger Agria op"]
[Site "Eger"]
[Date "2004.07.22"]
[Round "6"]
[White "Szollosi, Laszlo Jr"]
[Black "Toth, Daniel Heves"]
[Result "1/2-1/2"]
[WhiteElo "2368"]
[BlackElo "2141"]
[PlyCount "82"]
[EventDate "2004.07.17"]
[EventType "swiss"]
[EventRounds "9"]
[EventCountry "HUN"]
[SourceTitle "EXT 2008"]
[Source "ChessBase"]
[SourceDate "2007.11.25"]
[SourceVersion "1"]
[SourceVersionDate "2007.11.25"]
[SourceQuality "1"]

1. d3 d5 2. e4 c6 3. c3 Nd7 4. Nf3 Nb6 5. Qc2 e6 6. Be2 Ne7 7. a4 Ng6 8. 0-0 Bd6 9. Re1 0-0 10. Be3 Kh8 11. Nbd2 f5 12. exf5 Rxf5 13. a5 Nd7 14. Nd4 Rf7 15. Nxe6 Qf6 16. Ng5 Re7 17. Ngf3 Bf4 18. Bxf4 Nxf4 19. Bf1 Rf7 20. Re8+ Rf8 21. Rxf8+ Nxf8 22. d4 Bf5 23. Qb3 Qg6 24. Kh1 Rb8 25. Nh4 Qf6 26. Nxf5 Qxf5 27. Re1 Nd7 28. g3 Ng6 29. Kg1 Rf8 30. f4 b6 31. Bg2 h5 32. axb6 axb6 33. Nf3 h4 34. Ne5 hxg3 35. hxg3 Ndxe5 36. dxe5 b5 37. Qb4 Qd3 38. Kf2 Kg8 39. Qd6 Nxf4 40. gxf4 Qd2+ 41. Re2 Qxf4+ 1/2-1/2

[Event "Eger Agria op"]
[Site "Eger"]
[Date "2004.07.17"]
[Round "1"]
[White "Toth, Daniel Heves"]
[Black "Horvath, Tamas"]
[Result "0-1"]
[WhiteElo "2141"]
[BlackElo "2452"]
[PlyCount "48"]
[EventDate "2004.07.17"]
[EventType "swiss"]
[EventRounds "9"]
[EventCountry "HUN"]
[SourceTitle "EXT 2008"]
[Source "ChessBase"]
[SourceDate "2007.11.25"]
[SourceVersion "1"]
[SourceVersionDate "2007.11.25"]
[SourceQuality "1"]

1. d4 e6 2. c4 Bb4+ 3. Nc3 f5 4. Qc2 Nf6 5. a3 Bxc3+ 6. Qxc3 0-0 7. f3 d6 8. Bg5 Nc6 9. e3 a5 10. Bd3 a4 11. Ne2 Qe8 12. 0-0-0 Na5 13. Kb1 b6 14. h3 Ba6 15. g4 d5 16. Bxf6 dxc4 17. Bxg7 cxd3 18. Rdg1 f4 19. Bxf8 dxe2 20. Bb4 Nb3 21. Qc2 fxe3 22. Bc3 c5 23. dxc5 Rd8 24. Ka2 Bd3 0-1